|
|
|
|
| LEADER |
00000cam a2200000 7i4500 |
| 001 |
0000166607 |
| 005 |
20121016.0 |
| 020 |
|
|
|a 1585365416
|
| 020 |
|
|
|a 9781585365418
|
| 090 |
0 |
0 |
|a JF
|b BAR
|
| 100 |
1 |
|
|a Barnes, Brynne
|
| 245 |
1 |
0 |
|a Colors of me
|c Brynne Barnes ; illustrated by, Annika M. Nelson
|
| 260 |
|
|
|a Minneapolis :
|b Sleeping Bear Press ,
|c 2011
|
| 300 |
|
|
|a p.v. :
|b ill. ;
|c 26cm.
|
| 650 |
0 |
0 |
|a Children's stories
|
| 650 |
0 |
0 |
|a Color
|x Juvenile literature
|
| 650 |
0 |
0 |
|a Human skin color
|x Juvenile literature
|
| 700 |
1 |
|
|a Nelson, Annika M
|
| 999 |
|
|
|a 00263535
|b BUKU
|c PINJAMAN
|e PERPUSTAKAAN KOMUNITI PETALING JAYA
|